[Event "USA tt"]
[Site "ICC INT"]
[Date "2007.10.24"]
[Round "9"]
[White "Benjamin, Joel"]
[Black "Blehm, Pawel"]
[Result "1-0"]
[WhiteElo "2576"]
[BlackElo "2505"]
[PlyCount "109"]
[EventDate "2007.08.29"]
[EventType "team"]
[EventRounds "10"]
[EventCountry "USA"]
[SourceTitle "CBM 120 Extra"]
[Source "ChessBase"]
[SourceDate "2007.11.01"]
[SourceVersion "1"]
[SourceVersionDate "2007.11.01"]
[SourceQuality "1"]

1. e4 c5 2. Nf3 d6 3. Bb5+ Nd7 4. c3 Ngf6 5. Qe2 a6 6. Ba4 b5 7. Bc2 e5 8. a4 Rb8 9. d4 Be7 10. 0-0 0-0 11. axb5 axb5 12. Na3 c4 13. Bd2 Re8 14. Rfb1 d5 15. dxe5 Nxe4 16. e6 Ndf6 17. Bf4 Bd6 18. Bxd6 Qxd6 19. Nd4 Bxe6 20. f3 Nc5 21. Naxb5 Qb6 22. Qf2 Bd7 23. Na3 g6 24. b4 Ne6 25. Rd1 Ra8 26. Ra2 Ra6 27. Ne2 Qc7 28. Rda1 Rea8 29. Bb1 Nf4 30. Nc2 Rxa2 31. Rxa2 Re8 32. Ncd4 Nd3 33. Qg3 Qb6 34. Qg5 Kg7 35. Qd2 Bf5 36. Bxd3 Bxd3 37. Nf4 Bf5 38. g4 Bd3 39. Nxd3 cxd3 40. Qxd3 Nd7 41. Kg2 Ne5 42. Qb5 Qd8 43. Re2 Re7 44. Qa5 Qd7 45. Qc5 h5 46. g5 h4 47. h3 Re8 48. Qb5 Qc8 49. Qxd5 Qxc3 50. Rxe5 Qb2+ 51. Kf1 Rc8 52. Ne2 Qxb4 53. Re4 Qb1+ 54. Kf2 Qh1 55. Qe5+ 1-0

[Event "USA tt"]
[Site "ICC INT"]
[Date "2007.10.08"]
[Round "7"]
[White "Blehm, Pawel"]
[Black "Vovsha, Eli"]
[Result "1/2-1/2"]
[WhiteElo "2505"]
[BlackElo "2452"]
[PlyCount "90"]
[EventDate "2007.08.29"]
[EventType "team"]
[EventRounds "10"]
[EventCountry "USA"]
[SourceTitle "CBM 120 Extra"]
[Source "ChessBase"]
[SourceDate "2007.11.01"]
[SourceVersion "1"]
[SourceVersionDate "2007.11.01"]
[SourceQuality "1"]

1. e4 c5 2. Nf3 d6 3. d4 cxd4 4. Nxd4 Nf6 5. Nc3 a6 6. Be3 e6 7. f3 b5 8. Qd2 b4 9. Nce2 e5 10. Nb3 a5 11. c4 Be6 12. Ng3 a4 13. Nc1 Nc6 14. Be2 h5 15. 0-0 h4 16. Nh1 Be7 17. Nf2 Nd7 18. Ncd3 Qa5 19. Rac1 b3 20. axb3 Qxd2 21. Bxd2 Nd4 22. Bd1 axb3 23. Be3 0-0 24. Bxd4 exd4 25. Bxb3 Rfc8 26. g3 Rab8 27. Ba2 Ne5 28. f4 Bxc4 29. Bxc4 Nxc4 30. b4 d5 31. exd5 Ne3 32. Rxc8+ Rxc8 33. Re1 Nxd5 34. Re5 Rd8 35. Re4 Bxb4 36. Rxd4 Ba5 37. Ne5 Bb6 38. Rd2 h3 39. Nc4 Bc5 40. Ne5 f6 41. Ned3 Be3 42. Re2 Ra8 43. Kf1 Ra1+ 44. Re1 Ra2 45. Re2 Ra1+ 1/2-1/2

[Event "Chicago Winter"]
[Site "Chicago"]
[Date "2006.01.13"]
[Round "9"]
[White "Blehm, Pawel"]
[Black "Georgiev, Vladimir"]
[Result "1/2-1/2"]
[WhiteElo "2520"]
[BlackElo "2538"]
[PlyCount "24"]
[EventDate "2006.01.09"]
[EventType "tourn"]
[EventRounds "9"]
[EventCountry "USA"]
[EventCategory "10"]
[SourceTitle "EXT 2007"]
[Source "ChessBase"]
[SourceDate "2006.11.23"]
[SourceVersion "1"]
[SourceVersionDate "2006.11.23"]
[SourceQuality "1"]

1. e4 e5 2. Nf3 Nc6 3. Bb5 a6 4. Ba4 Nf6 5. 0-0 Be7 6. Re1 b5 7. Bb3 0-0 8. h3 d6 9. c3 Na5 10. Bc2 c5 11. d4 Qc7 12. Nbd2 cxd4 1/2-1/2

[Event "Chicago Winter"]
[Site "Chicago"]
[Date "2006.01.12"]
[Round "7"]
[White "Blehm, Pawel"]
[Black "Charbonneau, Pascal"]
[Result "1/2-1/2"]
[WhiteElo "2520"]
[BlackElo "2496"]
[PlyCount "26"]
[EventDate "2006.01.09"]
[EventType "tourn"]
[EventRounds "9"]
[EventCountry "USA"]
[EventCategory "10"]
[SourceTitle "EXT 2007"]
[Source "ChessBase"]
[SourceDate "2006.11.23"]
[SourceVersion "1"]
[SourceVersionDate "2006.11.23"]
[SourceQuality "1"]

1. e4 c5 2. Nf3 d6 3. Nc3 Nf6 4. d4 cxd4 5. Qxd4 a6 6. e5 Nc6 7. Qa4 Nd7 8. exd6 Nc5 9. Qf4 e6 10. Be3 Qxd6 11. Qxd6 Bxd6 12. 0-0-0 Bd7 13. Be2 b5 1/2-1/2

[Event "Chicago Winter"]
[Site "Chicago"]
[Date "2006.01.10"]
[Round "4"]
[White "Blehm, Pawel"]
[Black "Krush, Irina"]
[Result "1/2-1/2"]
[WhiteElo "2520"]
[BlackElo "2447"]
[PlyCount "37"]
[EventDate "2006.01.09"]
[EventType "tourn"]
[EventRounds "9"]
[EventCountry "USA"]
[EventCategory "10"]
[SourceTitle "EXT 2007"]
[Source "ChessBase"]
[SourceDate "2006.11.23"]
[SourceVersion "1"]
[SourceVersionDate "2006.11.23"]
[SourceQuality "1"]

1. e4 c5 2. Nf3 Nc6 3. d4 cxd4 4. Nxd4 Nf6 5. Nc3 d6 6. Bg5 e6 7. Qd2 a6 8. 0-0-0 h6 9. Be3 Nxd4 10. Bxd4 b5 11. f3 Qa5 12. a3 Be7 13. Kb1 e5 14. Be3 Be6 15. h4 Rb8 16. Nd5 Qxd2 17. Nxf6+ gxf6 18. Bxd2 h5 19. Bb4 1/2-1/2

[Event "POL-ch 59th"]
[Site "Warsaw"]
[Date "2002.05.12"]
[Round "13"]
[White "Tomczak, Rafal"]
[Black "Blehm, Pawel"]
[Result "0-1"]
[WhiteElo "2384"]
[BlackElo "2547"]
[PlyCount "70"]
[EventDate "2002.04.29"]
[EventType "tourn"]
[EventRounds "13"]
[EventCountry "POL"]
[EventCategory "10"]
[SourceTitle "CBM 089"]
[Source "ChessBase"]
[SourceDate "2002.08.12"]
[SourceVersion "1"]
[SourceVersionDate "2002.08.12"]
[SourceQuality "1"]

1. e4 c5 2. Nf3 d6 3. d4 cxd4 4. Nxd4 Nf6 5. Nc3 Bd7 6. Bg5 e6 7. Qd2 a6 8. 0-0-0 h6 9. Be3 Ng4 10. f4 Nxe3 11. Qxe3 Be7 12. Kb1 Nc6 13. e5 d5 14. Nb3 Qc7 15. Be2 b5 16. Bf3 b4 17. Ne2 Rc8 18. Qd3 0-0 19. g4 a5 20. Nbd4 Nxd4 21. Nxd4 f6 22. h4 fxe5 23. fxe5 Bc5 24. Nf5 Ba4 25. b3 Be8 26. Rhe1 Kh8 27. Nd6 Bxd6 28. exd6 Qxd6 29. Qe2 Qc5 30. h5 Bb5 31. Qg2 Qc3 32. Be2 a4 33. bxa4 Qxc2+ 34. Ka1 Bc4 35. Bf1 Rf2 0-1

[Event "POL-ch 59th"]
[Site "Warsaw"]
[Date "2002.05.02"]
[Round "4"]
[White "Gdanski, Jacek"]
[Black "Blehm, Pawel"]
[Result "0-1"]
[WhiteElo "2523"]
[BlackElo "2547"]
[PlyCount "128"]
[EventDate "2002.04.29"]
[EventType "tourn"]
[EventRounds "13"]
[EventCountry "POL"]
[EventCategory "10"]
[SourceTitle "CBM 089"]
[Source "ChessBase"]
[SourceDate "2002.08.12"]
[SourceVersion "1"]
[SourceVersionDate "2002.08.12"]
[SourceQuality "1"]

1. e4 c5 2. Nc3 Nc6 3. Bb5 Nd4 4. Bc4 g6 5. Nf3 Bg7 6. Nxd4 cxd4 7. Qf3 Nh6 8. d3 0-0 9. Ne2 Ng4 10. Bb3 Ne5 11. Qg3 Nc6 12. h4 Na5 13. h5 Nxb3 14. axb3 e5 15. f4 exf4 16. Bxf4 d5 17. e5 Qb6 18. Ra4 Bf5 19. hxg6 fxg6 20. Bh6 Bxh6 21. Rxh6 Rac8 22. Qh4 Qc7 23. Qxd4 Qxc2 24. Qxd5+ Kg7 25. Rah4 Qb1+ 26. Kd2 Rc2+ 27. Ke3 Rxe2+ 28. Kxe2 Bg4+ 29. Rxg4 Qxb2+ 30. Ke1 Qc3+ 31. Ke2 Qc2+ 32. Ke1 Kxh6 33. e6 Qc1+ 34. Ke2 Qc2+ 35. Ke1 Qc1+ 36. Ke2 Qf1+ 37. Kd2 Rf2+ 38. Kc3 Qe1+ 39. Kc4 b5+ 40. Kd4 Qb4+ 41. Ke3 Qd2+ 42. Kd4 Qb2+ 43. Kc5 Rf5 44. e7 Qa3+ 45. Rb4 Qc1+ 46. Kd6 Rxd5+ 47. Kxd5 Qe3 48. Kd6 Kg7 49. Rxb5 Qxd3+ 50. Rd5 Qa6+ 51. Kd7 Qb7+ 52. Ke6 Qc8+ 53. Rd7 Qc6+ 54. Rd6 Qc8+ 55. Rd7 Qc6+ 56. Rd6 Qe4+ 57. Kd7 Kf7 58. Rf6+ Kxf6 59. e8Q Qxe8+ 60. Kxe8 h5 61. Kd7 h4 62. Kc6 g5 63. Kd5 Kf5 64. Kd4 Kf4 0-1

[Event "Golden Cleopatra op 6th"]
[Site "Cairo"]
[Date "2002.04.14"]
[Round "8"]
[White "Blehm, Pawel"]
[Black "Tiviakov, Sergei"]
[Result "1-0"]
[WhiteElo "2535"]
[BlackElo "2614"]
[PlyCount "59"]
[EventDate "2002.04.07"]
[EventType "swiss"]
[EventRounds "11"]
[EventCountry "EGY"]
[SourceTitle "CBM 087 Extra"]
[Source "ChessBase"]
[SourceDate "2002.05.03"]
[SourceVersion "2"]
[SourceVersionDate "2002.08.09"]
[SourceQuality "1"]

1. e4 c5 2. Nf3 Nc6 3. d4 cxd4 4. Nxd4 g6 5. c4 Nf6 6. Nc3 d6 7. f3 Bg7 8. Be3 0-0 9. Be2 Nxd4 10. Bxd4 Be6 11. 0-0 Qa5 12. Kh1 a6 13. b3 Rfc8 14. f4 Qd8 15. Qd3 Bd7 16. Rad1 b5 17. e5 bxc4 18. Qg3 Ne8 19. Bxc4 Bb5 20. Nxb5 axb5 21. Bd5 Rxa2 22. f5 gxf5 23. Rxf5 e6 24. Rxf7 Kxf7 25. Rf1+ Bf6 26. exf6 exd5 27. Qh3 Nxf6 28. Qh5+ Kf8 29. Bxf6 Rf2 30. Qh6+ 1-0

[Event "CZE-chT 0102"]
[Site "Czech Republic"]
[Date "2002.03.09"]
[Round "8"]
[White "Blehm, Pawel"]
[Black "Novotny, Jiri"]
[Result "0-1"]
[WhiteElo "2535"]
[BlackElo "2297"]
[PlyCount "87"]
[EventDate "2001.10.20"]
[EventType "team-tourn"]
[EventRounds "11"]
[EventCountry "CZE"]
[SourceTitle "EXT 2019"]
[Source "ChessBase"]
[SourceDate "2018.10.10"]
[SourceVersion "1"]
[SourceVersionDate "2018.10.10"]
[SourceQuality "1"]
[WhiteTeam "Brno Lokomotiva"]
[BlackTeam "Grygov A64 Valoz"]
[WhiteTeamCountry "CZE"]
[BlackTeamCountry "CZE"]

1. e4 c5 2. Nf3 Nc6 3. d4 cxd4 4. Nxd4 Nf6 5. Nc3 e5 6. Ndb5 d6 7. Bg5 a6 8. Na3 b5 9. Nd5 Be7 10. Bxf6 Bxf6 11. c3 Ne7 12. Nxf6+ gxf6 13. g3 f5 14. Bg2 fxe4 15. Bxe4 d5 16. Bg2 Be6 17. Nc2 0-0 18. Qe2 Qc7 19. f4 f6 20. 0-0-0 Rab8 21. fxe5 fxe5 22. Rhe1 e4 23. Kb1 a5 24. Nd4 Bd7 25. Qd2 b4 26. cxb4 Ng6 27. bxa5 Ne5 28. Nb3 Be6 29. Qd4 Nd3 30. Rf1 Rfd8 31. Rf6 Rdc8 32. Rf2 Nxf2 33. Qxf2 d4 34. Nxd4 Bxa2+ 35. Kxa2 Qxa5+ 36. Kb1 Ra8 37. Nc2 Qa2+ 38. Kc1 Qa1+ 39. Kd2 Rxc2+ 40. Kxc2 Rc8+ 41. Kd2 Rd8+ 42. Kc3 Qxd1 43. Bxe4 Rc8+ 44. Kb4 0-1

[Event "Bermuda-B"]
[Site "Bermuda"]
[Date "2002.01.22"]
[Round "2"]
[White "Blehm, Pawel"]
[Black "Charbonneau, Pascal"]
[Result "1-0"]
[WhiteElo "2535"]
[BlackElo "2386"]
[PlyCount "75"]
[EventDate "2002.01.21"]
[EventType "tourn"]
[EventRounds "9"]
[EventCountry "BER"]
[EventCategory "8"]
[SourceTitle "CBM 088"]
[Source "ChessBase"]
[SourceDate "2002.03.21"]
[SourceVersion "1"]
[SourceVersionDate "2002.03.21"]
[SourceQuality "1"]

1. e4 c5 2. Nf3 e6 3. d4 cxd4 4. Nxd4 Nc6 5. Nb5 d6 6. c4 Nf6 7. N5c3 Be7 8. g3 b6 9. Bg2 Bb7 10. 0-0 0-0 11. h3 Rc8 12. Be3 a6 13. Nd2 Ne5 14. Qe2 Qc7 15. Rac1 Ned7 16. g4 h6 17. f4 Nh7 18. Bf2 g5 19. Be3 gxf4 20. Bxf4 Bg5 21. Bg3 Ne5 22. b3 Qe7 23. a4 Bh4 24. Bxh4 Qxh4 25. Nf3 Nxf3+ 26. Qxf3 Rc5 27. Rcd1 h5 28. gxh5 Rg5 29. Kh2 Nf6 30. Qf4 Rg4 31. Qf2 Qg5 32. Kh1 Rg3 33. Qxf6 Qxf6 34. Rxf6 Rxc3 35. Rxd6 Rxb3 36. h6 Kh8 37. Rdxe6 Rg8 38. Rxf7 1-0

[Event "Bermuda-B"]
[Site "Bermuda"]
[Date "2002.01.21"]
[Round "1"]
[White "Blehm, Pawel"]
[Black "Perelshteyn, Eugene"]
[Result "1-0"]
[WhiteElo "2535"]
[BlackElo "2451"]
[PlyCount "85"]
[EventDate "2002.01.21"]
[EventType "tourn"]
[EventRounds "9"]
[EventCountry "BER"]
[EventCategory "8"]
[SourceTitle "CBM 088"]
[Source "ChessBase"]
[SourceDate "2002.03.21"]
[SourceVersion "1"]
[SourceVersionDate "2002.03.21"]
[SourceQuality "1"]

1. e4 c5 2. Nf3 d6 3. d4 cxd4 4. Nxd4 Nf6 5. Nc3 Nc6 6. Bg5 e6 7. Qd2 a6 8. 0-0-0 h6 9. Be3 Be7 10. f3 Nxd4 11. Qxd4 b5 12. Kb1 Bb7 13. h4 Rc8 14. Qd2 d5 15. e5 Nd7 16. f4 Bxh4 17. Ne2 Be7 18. Nd4 Nc5 19. f5 Qc7 20. Bf4 Qb6 21. Be2 Ne4 22. Qd3 Bc5 23. fxe6 fxe6 24. Bh5+ Ke7 25. Nb3 Rhf8 26. Rhf1 g5 27. Bc1 b4 28. Rf3 Rf5 29. Rdf1 Rcf8 30. Bg4 R5f7 31. Rxf7+ Rxf7 32. Rxf7+ Kxf7 33. Qf3+ Ke7 34. Qh3 Kd7 35. Qxh6 Be7 36. Qh8 a5 37. Qb8 a4 38. Nd4 Nc5 39. Qg8 b3 40. Bxg5 bxc2+ 41. Kxc2 Qb4 42. Qf7 Qc4+ 43. Kb1 1-0

[Event "POL-chT 57th"]
[Site "Glogow"]
[Date "2001.09.15"]
[Round "8"]
[White "Praszak, Michal"]
[Black "Blehm, Pawel"]
[Result "0-1"]
[WhiteElo "2230"]
[BlackElo "2536"]
[PlyCount "170"]
[EventDate "2001.09.08"]
[EventType "team-tourn"]
[EventRounds "9"]
[EventCountry "POL"]
[SourceTitle "EXT 2019"]
[Source "ChessBase"]
[SourceDate "2018.10.10"]
[SourceVersion "1"]
[SourceVersionDate "2018.10.10"]
[SourceQuality "1"]
[WhiteTeam "Lublin Drakon SKOK Chmielewskiego"]
[BlackTeam "Warszawa Polonia"]
[WhiteTeamCountry "POL"]
[BlackTeamCountry "POL"]

1. d4 Nf6 2. Nf3 g6 3. Bf4 Bg7 4. h3 d6 5. e3 0-0 6. Be2 c5 7. c3 b6 8. Nbd2 Bb7 9. 0-0 Nbd7 10. Bh2 a6 11. a4 Ra7 12. Rc1 Qa8 13. Qc2 Ne4 14. Ne1 cxd4 15. exd4 Bh6 16. f4 Nef6 17. Qd3 Nd5 18. g4 Kh8 19. Nc2 f5 20. g5 Bg7 21. Bf3 e5 22. Qe2 e4 23. Bg2 Bc6 24. Ra1 b5 25. axb5 axb5 26. Rxa7 Qxa7 27. Ra1 Qb7 28. Ne3 N7b6 29. Nxd5 Nxd5 30. Nb3 Ra8 31. Qe1 Rxa1 32. Qxa1 b4 33. Qa5 Qb8 34. Bf1 bxc3 35. bxc3 Ne3 36. Nd2 h6 37. Qa1 Bd5 38. Qe1 Nxf1 39. Nxf1 e3 40. gxh6 Bf6 41. Nxe3 Be4 42. Bg3 Be7 43. Ng4 Bf8 44. Nf2 Bd5 45. Bh4 Bxh6 46. Bf6+ Kg8 47. Bg5 Bg7 48. Qe2 Qb3 49. Qe1 Bc6 50. Qe3 Qb1+ 51. Kh2 Qf1 52. Qg3 Kf7 53. Qg1 Qe2 54. Qg3 Bf3 55. Bh4 Bh6 56. Bg5 Bxg5 57. fxg5 Ke6 58. c4 f4 59. Qg1 Qxc4 60. Qb1 Qe2 61. Kg1 Ke7 62. Qa1 Bd5 63. Qc3 Kd7 64. Qd3 Qe1+ 65. Qf1 Qc3 66. Qd3 Qa1+ 67. Qd1 Qxd1+ 68. Nxd1 Ke6 69. Nc3 Bc6 70. Kf2 Kf5 71. Ke2 Kxg5 72. d5 Ba8 73. Ne4+ Kh4 74. Nf6 Kxh3 75. Kf3 g5 76. Ke4 Kg2 77. Ng4 f3 78. Ne3+ Kf2 79. Nd1+ Ke2 80. Nc3+ Kd2 81. Nb1+ Kc2 82. Na3+ Kb3 83. Nb1 g4 84. Nd2+ Kc2 85. Nf1 Kd1 0-1

[Event "POL-chT 57th"]
[Site "Glogow"]
[Date "2001.09.14"]
[Round "7"]
[White "Weglarz, Leszek"]
[Black "Blehm, Pawel"]
[Result "1/2-1/2"]
[WhiteElo "2322"]
[BlackElo "2536"]
[PlyCount "72"]
[EventDate "2001.09.08"]
[EventType "team-tourn"]
[EventRounds "9"]
[EventCountry "POL"]
[SourceTitle "EXT 2019"]
[Source "ChessBase"]
[SourceDate "2018.10.10"]
[SourceVersion "1"]
[SourceVersionDate "2018.10.10"]
[SourceQuality "1"]
[WhiteTeam "Poznan Pocztowiec"]
[BlackTeam "Warszawa Polonia"]
[WhiteTeamCountry "POL"]
[BlackTeamCountry "POL"]

1. d4 Nf6 2. c4 g6 3. Nc3 Bg7 4. e4 0-0 5. Nf3 c6 6. Be2 d5 7. e5 Ne4 8. 0-0 Nxc3 9. bxc3 dxc4 10. Bxc4 c5 11. Be3 Nc6 12. Ng5 cxd4 13. cxd4 Na5 14. Bd3 h6 15. Ne4 Be6 16. Qe2 b6 17. Rac1 Rc8 18. Rxc8 Qxc8 19. Rc1 Qa8 20. Nc3 Qd8 21. Nb5 Bd5 22. f4 Nc6 23. Bc4 e6 24. Bxd5 Qxd5 25. Qc4 Ne7 26. Qxd5 Nxd5 27. Kf2 a6 28. Nc3 Ne7 29. d5 exd5 30. Bxb6 Rb8 31. Bc5 Rb2+ 32. Kf1 Nf5 33. Nxd5 g5 34. a3 gxf4 35. Nxf4 Rd2 36. Re1 Rc2 1/2-1/2

[Event "POL-chT 57th"]
[Site "Glogow"]
[Date "2001.09.12"]
[Round "5"]
[White "Rybak, Tomasz"]
[Black "Blehm, Pawel"]
[Result "0-1"]
[WhiteElo "2213"]
[BlackElo "2536"]
[PlyCount "62"]
[EventDate "2001.09.08"]
[EventType "team-tourn"]
[EventRounds "9"]
[EventCountry "POL"]
[SourceTitle "EXT 2019"]
[Source "ChessBase"]
[SourceDate "2018.10.10"]
[SourceVersion "1"]
[SourceVersionDate "2018.10.10"]
[SourceQuality "1"]
[WhiteTeam "Swiecie Gambit"]
[BlackTeam "Warszawa Polonia"]
[WhiteTeamCountry "POL"]
[BlackTeamCountry "POL"]

1. e4 c5 2. Nf3 d6 3. d4 cxd4 4. Nxd4 Nf6 5. Nc3 Bd7 6. Bc4 e6 7. Be3 a6 8. Bb3 b5 9. a3 Be7 10. 0-0 Nc6 11. f4 0-0 12. f5 Qc8 13. g4 h6 14. h4 Nh7 15. Nxc6 Bxc6 16. g5 hxg5 17. hxg5 Nxg5 18. Qg4 exf5 19. Rxf5 Nh7 20. Bh6 Bf6 21. Kf2 Bd7 22. Nd5 Bd4+ 23. Kf3 Kh8 24. Bd2 Bxf5 25. exf5 Re8 26. Qxd4 Qxf5+ 27. Qf4 Ng5+ 28. Kg2 Qh3+ 29. Kf2 Ne4+ 30. Kg1 Ng3 31. Be3 Ne2+ 0-1

[Event "POL-chT 57th"]
[Site "Glogow"]
[Date "2001.09.08"]
[Round "1"]
[White "Myc, Marcin"]
[Black "Blehm, Pawel"]
[Result "0-1"]
[WhiteElo "2305"]
[BlackElo "2536"]
[PlyCount "86"]
[EventDate "2001.09.08"]
[EventType "team-tourn"]
[EventRounds "9"]
[EventCountry "POL"]
[SourceTitle "EXT 2019"]
[Source "ChessBase"]
[SourceDate "2018.10.10"]
[SourceVersion "1"]
[SourceVersionDate "2018.10.10"]
[SourceQuality "1"]
[WhiteTeam "Lublin UMCS"]
[BlackTeam "Warszawa Polonia"]
[WhiteTeamCountry "POL"]
[BlackTeamCountry "POL"]

1. d4 Nf6 2. c4 g6 3. Nc3 Bg7 4. Nf3 d6 5. Bg5 h6 6. Bh4 g5 7. Bg3 Nh5 8. e3 e6 9. Nd2 Nxg3 10. hxg3 Qe7 11. Qc2 Nc6 12. Be2 Bd7 13. 0-0-0 0-0-0 14. a3 f5 15. f4 Qf6 16. Nb3 Kb8 17. Kb1 Ne7 18. Bf3 g4 19. Be2 e5 20. Rhf1 exf4 21. exf4 Rhe8 22. Bd3 Qf7 23. Rfe1 Nc8 24. Nd5 Ba4 25. Ne3 Ne7 26. Ka2 Nc6 27. Qd2 Nxd4 28. Nxd4 Bxd1 29. Ndxf5 Ba4 30. Nxg4 Rxe1 31. Qxe1 h5 32. Nge3 Bh8 33. Qe2 Re8 34. Qd2 Bc6 35. g4 hxg4 36. Nxg4 Be4 37. Nge3 Qf6 38. Bxe4 Rxe4 39. g3 c6 40. Qc2 a6 41. Ka1 b5 42. cxb5 axb5 43. Qb3 d5 0-1

[Event "POL Supercup"]
[Site "Warsaw"]
[Date "2001.06.23"]
[Round "1"]
[White "Jakubiec, Artur"]
[Black "Blehm, Pawel"]
[Result "1/2-1/2"]
[WhiteElo "2482"]
[BlackElo "2530"]
[PlyCount "48"]
[EventDate "2001.06.23"]
[EventType "team"]
[EventRounds "2"]
[EventCountry "POL"]
[SourceTitle "CBM 084"]
[Source "ChessBase"]
[SourceDate "2001.09.13"]
[SourceVersion "1"]
[SourceVersionDate "2001.09.13"]
[SourceQuality "1"]

1. e4 c5 2. c3 Nf6 3. e5 Nd5 4. g3 d6 5. exd6 e6 6. Bg2 Bxd6 7. Nf3 0-0 8. d4 Nc6 9. 0-0 cxd4 10. Nxd4 Nxd4 11. Qxd4 Qc7 12. Nd2 Bd7 13. Ne4 Be5 14. Qc5 Qxc5 15. Nxc5 Bc6 16. Nd3 Bf6 17. Nf4 Rfd8 18. Nxd5 Bxd5 19. Be3 Kf8 20. Rfd1 Bxg2 21. Kxg2 a6 22. Bb6 Rxd1 23. Rxd1 Ke8 24. Kf3 Rc8 1/2-1/2

[Event "EU-ch 2nd"]
[Site "Ohrid"]
[Date "2001.06.13"]
[Round "12"]
[White "Blehm, Pawel"]
[Black "Fedorchuk, Sergey A"]
[Result "1/2-1/2"]
[WhiteElo "2530"]
[BlackElo "2503"]
[PlyCount "29"]
[EventDate "2001.06.01"]
[EventType "swiss"]
[EventRounds "13"]
[EventCountry "YUG"]
[SourceTitle "CBM 084"]
[Source "ChessBase"]
[SourceDate "2001.09.13"]
[SourceVersion "1"]
[SourceVersionDate "2001.09.13"]
[SourceQuality "1"]

1. e4 e5 2. Nf3 Nc6 3. Bb5 a6 4. Ba4 Nf6 5. 0-0 b5 6. Bb3 Bc5 7. a4 Rb8 8. c3 d6 9. d4 Bb6 10. a5 Ba7 11. h3 0-0 12. Re1 h6 13. Be3 exd4 14. cxd4 Ne7 15. Nbd2 1/2-1/2

[Event "EU-ch 2nd"]
[Site "Ohrid"]
[Date "2001.06.06"]
[Round "6"]
[White "Blehm, Pawel"]
[Black "Markowski, Tomasz"]
[Result "1/2-1/2"]
[WhiteElo "2530"]
[BlackElo "2592"]
[PlyCount "34"]
[EventDate "2001.06.01"]
[EventType "swiss"]
[EventRounds "13"]
[EventCountry "YUG"]
[SourceTitle "CBM 084"]
[Source "ChessBase"]
[SourceDate "2001.09.13"]
[SourceVersion "1"]
[SourceVersionDate "2001.09.13"]
[SourceQuality "1"]

1. e4 e5 2. Nf3 Nc6 3. Bb5 Nf6 4. 0-0 Nxe4 5. d4 Nd6 6. Bxc6 dxc6 7. dxe5 Nf5 8. Qxd8+ Kxd8 9. Nc3 Ne7 10. Re1 h6 11. Ne4 Ng6 12. h3 b6 13. Bd2 c5 14. Rad1 Ke8 15. a3 a5 16. Kh2 Be6 17. g4 Rd8 1/2-1/2

[Event "EU-ch 2nd"]
[Site "Ohrid"]
[Date "2001.06.05"]
[Round "5"]
[White "Blehm, Pawel"]
[Black "Brendel, Oliver"]
[Result "1-0"]
[WhiteElo "2530"]
[BlackElo "2389"]
[PlyCount "45"]
[EventDate "2001.06.01"]
[EventType "swiss"]
[EventRounds "13"]
[EventCountry "YUG"]
[SourceTitle "CBM 084"]
[Source "ChessBase"]
[SourceDate "2001.09.13"]
[SourceVersion "1"]
[SourceVersionDate "2001.09.13"]
[SourceQuality "1"]

1. e4 c5 2. Nf3 Nc6 3. d4 cxd4 4. Nxd4 d6 5. Nc3 e6 6. Be3 Nf6 7. Qd2 Be7 8. Be2 0-0 9. 0-0-0 a6 10. f4 Qc7 11. g4 Nxd4 12. Bxd4 e5 13. Be3 Bxg4 14. Bxg4 Nxg4 15. f5 Qa5 16. Rhg1 Nxe3 17. Qxe3 f6 18. Rg3 Rf7 19. Rdg1 Bf8 20. Qh6 b5 21. Nd5 Raa7 22. Kb1 Qd8 23. Qh5 1-0